000
00385nam a2200133Ia 4500
008
151001s9999||||xx |||||||||||||| ||und||
100
_a
श्रीनिवास कोचकर
245
_a
सोन्याची साखळी
250
_a
1
260
_b
सुरस प्रकाशन पंजाब
260
_c
1983
300
_a
222
365
_b
18
999
_c
963923
_d
963920